| 000 -LEADER |
| fixed length control field |
00514nam a22001697a 4500 |
| 005 - DATE AND TIME OF LATEST TRANSACTION |
| control field |
20231226152235.0 |
| 008 - FIXED-LENGTH DATA ELEMENTS--GENERAL INFORMATION |
| fixed length control field |
231226s1973 ru ||||| |||| 00| 0 rus d |
| 041 ## - LANGUAGE CODE |
| Language code of text/sound track or separate title |
rus |
| 080 ## - UNIVERSAL DECIMAL CLASSIFICATION NUMBER |
| Universal Decimal Classification number |
91(091) Д-49 |
| 100 ## - MAIN ENTRY--PERSONAL NAME |
| Personal name |
Дитмар, А. Б. |
| 9 (RLIN) |
20894 |
| 245 ## - TITLE STATEMENT |
| Title |
Рубежи ойкумены / |
| Statement of responsibility, etc. |
А.Б. Дитмар. |
| 264 ## - PRODUCTION, PUBLICATION, DISTRIBUTION, MANUFACTURE, AND COPYRIGHT NOTICE |
| Place of production, publication, distribution, manufacture |
Москва : |
| Name of producer, publisher, distributor, manufacturer |
Мысль, |
| Date of production, publication, distribution, manufacture, or copyright notice |
1973. |
| 300 ## - PHYSICAL DESCRIPTION |
| Extent |
135 с. : |
| Other physical details |
ил. ; |
| Dimensions |
20 см. |
| 653 ## - INDEX TERM--UNCONTROLLED |
| keyword |
ისტორია |
| 653 ## - INDEX TERM--UNCONTROLLED |
| keyword |
არქეოლოგია |
| 942 ## - ADDED ENTRY ELEMENTS (KOHA) |
| Source of classification or shelving scheme |
|
| Koha item type |
წიგნი |